| 000 | 01360nam a22002417a 4500 | ||
|---|---|---|---|
| 999 |
_c143 _d143 |
||
| 003 | OSt | ||
| 005 | 20190401212138.0 | ||
| 008 | 160211b xxu||||| |||| 00| 0 esp d | ||
| 040 |
_cDO-SdBHA _aDO-SdBHA _bspa |
||
| 090 |
_aTG EGDDHHyDIH _b00170 2005 |
||
| 100 | 1 |
_aAltagracia Ortíz, Ramón Ant. _esustentante |
|
| 245 | 1 | 0 |
_aLa privatización en conflictos bélicos y la convención internacional contra el reclutamiento de mercenarios / _cRamón Ant. Altagracia Ortíz ; asesores Ana Maryna Méndez, J. Tiburcio Soler |
| 260 |
_aSanto Domingo : _bINSUDE, _c2005 |
||
| 300 | _axii, 90 páginas | ||
| 502 | _aTesis (Especialidad en Derechos Humanos y Derecho Internacional Humanitario). -- Instituto Superior para la Defensa (INSUDE). Escuela de Graduados en Derechos Humanos y Derecho Internacional Humanitario, 2005 | ||
| 504 | _aIncluye referencias bibliográficas e índices | ||
| 505 | _aPremisas históricas de los ejércitos privados. -- Los conflictos bélicos y la convención Internacional contra el reclutamiento de mercenarios. | ||
| 650 | 4 | _aDerechos Humanos soldados mercenarios -- reclutamiento | |
| 700 | 1 |
_aMéndez, Ana Maryna _easesor |
|
| 700 |
_aTiburcio Soler, J. _easesor |
||
| 830 | _aINSUDE. Escuela de Graduados en Derechos Humanos y Derecho Internacional Humanitario. Tesis y disertaciones académicas | ||
| 942 |
_2ddc _cT |
||